| 000 | 00490nam a2200157 a 4500 | ||
|---|---|---|---|
| 020 | _a(pbk) | ||
| 082 |
_a925 _bLEA _cL - NUST P - 19 |
||
| 110 |
_aPakistan Council for Science and Technology, Islamabad. _946172 |
||
| 245 | 1 | _aLeading Scientists of Pakistan. | |
| 260 |
_aIslamabad: _bThe Authority, _c1999. |
||
| 300 | _a133p. : 28cm. | ||
| 526 |
_a0 _b0 _c0 _d925_000000000000000_LEA |
||
| 650 | 0 |
_aNUST _96342 |
|
| 650 | 0 |
_aScientists -- Pakistan -- Directories. _946173 |
|
| 942 |
_2ddc _cBK |
||
| 999 |
_c549512 _d549512 |
||